000 00312nam a2200133 i 4500
001 bg
100 1 _aKLIMEK, Józef
245 0 _aPracownik a przestępstwa drogowe /
_cJózef Klimek.
260 _aWarszawa,
_c1978.
040 _cBPK
041 _apol
942 _cKS
008 s pl f |000 0 pol
999 _c9539
_d9539
856 _uhttp://koha.tu.koszalin.pl/cgi-bin/koha/opac-detail.pl?biblionumber=9539
_yKatalog online BPK